00186nam a2200085 4500082001200000100001400012245001400026260005200040300000800092 a540 KNE aW.R.Kneen aChemistry aLondonbThe English Language Book Societyc1972 a861